<?xml version="1.0" encoding="UTF-8"?>
<record
    xmlns:xsi="http://www.w3.org/2001/XMLSchema-instance"
    xsi:schemaLocation="http://www.loc.gov/MARC21/slim http://www.loc.gov/standards/marcxml/schema/MARC21slim.xsd"
    xmlns="http://www.loc.gov/MARC21/slim">

  <leader>00749nam a22001577a 4500</leader>
  <controlfield tag="008">190807b        xxu||||| |||| 00| 0 eng d</controlfield>
  <datafield tag="020" ind1=" " ind2=" ">
    <subfield code="a">0809209101</subfield>
  </datafield>
  <datafield tag="050" ind1=" " ind2=" ">
    <subfield code="a">HF5429.26.G7</subfield>
  </datafield>
  <datafield tag="100" ind1=" " ind2=" ">
    <subfield code="a">Grebel, Rosemary</subfield>
  </datafield>
  <datafield tag="245" ind1=" " ind2=" ">
    <subfield code="a">Contemporary's: make your mark in retail jobs. /</subfield>
    <subfield code="c">Rosemary Grebel.</subfield>
  </datafield>
  <datafield tag="260" ind1=" " ind2=" ">
    <subfield code="a">Illinois:</subfield>
    <subfield code="b">Contemporary books Inc.,</subfield>
    <subfield code="c">1997.</subfield>
  </datafield>
  <datafield tag="300" ind1=" " ind2=" ">
    <subfield code="a">iv, 124 p.:</subfield>
    <subfield code="b">ill.;</subfield>
    <subfield code="c">28 cm.</subfield>
  </datafield>
  <datafield tag="505" ind1=" " ind2=" ">
    <subfield code="a">Contents: No waiting on register three! -- Looking for anything special? -- Do you have an account? -- Would you like something else? -- Who will set the alarm? -- The department looks great! -- Cleanup on aisle 10B -- May I have your order? -- Are you accepting applications? -- A new manager.</subfield>
  </datafield>
  <datafield tag="700" ind1=" " ind2=" ">
    <subfield code="a">Pogrund, Phyllis</subfield>
  </datafield>
  <datafield tag="942" ind1=" " ind2=" ">
    <subfield code="2">lcc</subfield>
    <subfield code="c">BK</subfield>
  </datafield>
  <datafield tag="999" ind1=" " ind2=" ">
    <subfield code="c">6887</subfield>
    <subfield code="d">14387</subfield>
  </datafield>
  <datafield tag="952" ind1=" " ind2=" ">
    <subfield code="0">0</subfield>
    <subfield code="1">0</subfield>
    <subfield code="2">lcc</subfield>
    <subfield code="4">0</subfield>
    <subfield code="7">0</subfield>
    <subfield code="a">WIUC-1</subfield>
    <subfield code="b">WIUC-1</subfield>
    <subfield code="c">GEN</subfield>
    <subfield code="d">2019-08-07</subfield>
    <subfield code="l">0</subfield>
    <subfield code="o">HF5429.26.G7</subfield>
    <subfield code="p">7277/302/13</subfield>
    <subfield code="r">2019-08-07 00:00:00</subfield>
    <subfield code="w">2019-08-07</subfield>
    <subfield code="y">BK</subfield>
  </datafield>
</record>
